Budget in Brief 1966-67 (Record no. 687163)

MARC details
000 -LEADER
fixed length control field 00628nam a2200229Ia 4500
003 - CONTROL NUMBER IDENTIFIER
control field OSt
005 - DATE AND TIME OF LATEST TRANSACTION
control field 20220927104416.0
008 - FIXED-LENGTH DATA ELEMENTS--GENERAL INFORMATION
fixed length control field 220926b |||||||| |||| 00| 0 eng d
037 ## - SOURCE OF ACQUISITION
Terms of availability Reference Collections
040 ## - CATALOGING SOURCE
Original cataloging agency RTL
Transcribing agency RTL
Language of cataloging eng
041 ## - LANGUAGE CODE
Source of code eng
Language code of text/sound track or separate title eng
110 ## - MAIN ENTRY--CORPORATE NAME
Corporate name or jurisdiction name as entry element "PAKISTAN, FINANCE (M/o-)"
9 (RLIN) 365500
245 #0 - TITLE STATEMENT
Title Budget in Brief 1966-67
260 ## - PUBLICATION, DISTRIBUTION, ETC.
Date of publication, distribution, etc. 1967
700 ## - ADDED ENTRY--PERSONAL NAME
Personal name "PAKISTAN, FINANCE (M/o-)"
9 (RLIN) 365501
942 ## - ADDED ENTRY ELEMENTS (KOHA)
Classification part "X71.44Q7rN48, K7/GD"
Koha item type
Holdings
Withdrawn status Lost status Damaged status Not for loan Home library Current library Date acquired Total Checkouts Full call number Barcode Date last seen Price effective from Koha item type
        Ratan Tata Library Ratan Tata Library 2022-09-27   "X71.44Q7rN48 K7/GD" RT0041834 2022-09-27 2022-09-27  
Copyright @ Delhi University Library System